1139 1162 1600 1964 1294 1346 1319 1033 1884 1373 1255 1161 1748 1146 1119 1965 1170 1996 1700 1874 1494 1260 1172 1901 1322 1808 1719 1085 1397 1448 1642 1775 1540 1583 1731 1234 1677 1036 1789 1904 1209 1688 1682 1395 1004 1594 1256 1459 1139 1035 1499 1093 1764 1024 1066 1664 1640 1204 1124 1400 1442 1777 1363 1494 1278 1373 1798 1952 1597 1115 1904 1940 1130 1866 1744 1385 1260 1885 1397 1126 1907 1451 1967 1267 1379 1227 1162 1827 1311 1548 1959 1240 1094 1844 1503 1166 1470 1114 1019 BCNSPRNW ULIB Ver.6.0+V

เปลี่ยนเป็นภาษาไทย

Change to English
 แสดงรายละเอียดบรรณานุกรม
  กลับหน้าหลัก

Brief Record : Get Marc (ISO 2709) : E-mail record : QR code < ปิดหน้าต่าง
LEADER : 00000nam 2200000uu 4500
001    13399110742
003     ULIB
008    110608s2550||||th 000 0 tha d
020    9789747814200
060 04 WS105.5^bส719ด 2550
100 0  สิทธา ลิขิตนุกูล
245 10 เด็กหัวหมอ /^cสิทธา ลิขิตนุกูล
250    พิมพ์ครั้งที่ 1
260    กรุงเทพฯ :^bฐานบุ๊คส์,^c2550
300    127 หน้า ;^c21 ซม.
650  7 เด็ก, การดูแล
650  7 พัฒนาการของเด็ก
945    ^p120^l0^i021715
995    ทศพร
999 ^a ใช้งานได้ทุกระบบ
รายการนี้ยังไม่มีแท็ก
คุณยังไม่ได้ล็อกอิน คุณสามารถมีกิจกรรมร่วมกับเว็บไซต์ได้ แต่ต้องล็อกอินก่อน ::
  ล็อกอิน

รายการสื่อสารสนเทศ

ลำดับที่ ประเภท เลขเรียก/บาร์โค้ด สถานที่ สถานะ
- ไม่พบข้อมูล -

รายการใกล้เคียง
    ผู้แต่ง [สิทธา ลิขิตนุกูล]

    หัวเรื่อง [เด็ก, การดูแล]
    หัวเรื่อง [พัฒนาการของเด็ก]

BibComment


ยังไม่เคยถูกคอมเมนท์

คอมเมนท์ทรัพยากรรายการนี้
  คอมเมนท์: เด็กหัวหมอ สิทธา..


 Copyright 2026. Bcnsprnw @Library